KOHA-Header-6

Health Psychology (Record no. 5824)

000 -LEADER
fixed length control field 00229nam a2200109Ia 4500
020 ## - INTERNATIONAL STANDARD BOOK NUMBER
ISBN 978-1133593072
100 ## - MAIN ENTRY--AUTHOR NAME
Personal name Linda Brannon
245 #0 - TITLE STATEMENT
Title Health Psychology
260 ## - PUBLICATION, DISTRIBUTION, ETC. (IMPRINT)
Place of publication New York
Name of publisher Wadsworth
Year of publication 2014
300 ## - PHYSICAL DESCRIPTION
Number of Pages 521
942 ## - ADDED ENTRY ELEMENTS (KOHA)
Koha item type Books
Holdings
Withdrawn status Lost status Collection code Permanent Location Current Location Shelving location Date acquired Full call number Accession Number Koha item type
    Psychology MAJU MAJU Shelf No.A35 2019-10-11 613.1 9233 Psychology

Powered by Koha